header

Filipino tapestry (Record no. 246915)

MARC details
000 -LEADER
fixed length control field 01321nam a2200313 a 4500
082 04 - DEWEY DECIMAL CLASSIFICATION NUMBER
Classification number 499/.21182421
100 1# - MAIN ENTRY--AUTHOR NAME
Personal name Gallo-Crail, Rhodalyne.
245 10 - TITLE STATEMENT
Title Filipino tapestry
260 ## - PUBLICATION, DISTRIBUTION, ETC. (IMPRINT)
Place of publication Madison :
Name of publisher University of Wisconsin Press,
Year of publication 2012.
300 ## - PHYSICAL DESCRIPTION
Number of Pages xvii, 235 p. :
Other physical details ill., map.
650 #0 - SUBJECT ADDED ENTRY--TOPICAL TERM
Topical Term Tagalog language
Topical Term Tagalog language
700 1# - ADDED ENTRY--PERSONAL NAME
Personal name Hawkins, Michael
856 40 - ELECTRONIC LOCATION AND ACCESS
Uniform Resource Identifier http://site.ebrary.com/lib/rucke/Doc?id=10541119

No items available.

© 2026 Rongo University
Contact us: librarian | system librarian | Rongo university